Výstava Slovenské ľudové hračky

Bibliographic Details
Main Author: Pančuhová, Eva, 1950- (Author)
Format: Article
Language:Slovak

MARC

LEADER 00000nab a2200000ua 4500
001 vtls010790398
003 SK-MaSNL
005 20260303120300.0
008 230131s1980 xo |||||||||||||||||slo|
035 |a (urnnbn)urn:nbn:sk:snk:ar-a02rz8 
035 |a (uuid)965af692-c620-49a3-9269-8aa130e64195 
035 |a urn:nbn:sk:snk-ab4n7v 
040 |a SNKBUCL  |b slo  |c SNKBUCL  |e AACR2 
041 0 |a slo 
044 |a xo  |c SK 
100 1 |a Pančuhová, Eva,  |d 1950-  |4 aut  |9 213983 
245 1 0 |a Výstava Slovenské ľudové hračky  |c Eva Pančuhová 
773 0 |t Múzeum : študijný a informačný materiál  |g Roč. 25, č. 1 (1980), s. 73-75 
954 |a odborná, vedecká literatúra pôvodná (slovenská)  |2 lita 
958 |a OND 
958 |a EUIPO 
958 |a article3 
999 |c 1908579  |d 1910509